Incipits ou citations célèbres de la littérature française - Statistiques

Statistiques générales
  • Ce quiz a été pris 488 fois
  • Le résultat moyen est 5 sur 15
Statistiques - réponses
Hint Réponse % Correct
Aujourd'hui, maman est morte. L'Étranger (Albert Camus)
94%
Je m'appelle Jean Valjean. Les Misérables (Victor Hugo)
85%
Dans la famille Goriot, il y avait un père et deux filles. Le Père Goriot (Honoré de Balzac)
83%
Il y avait une fois un pauvre bûcheron et une pauvre bûcheronne qui avaient sept enfants, tous garçons. Le Petit Poucet (Charles Perrault)
56%
Longtemps, je me suis couché de bonne heure. À la recherche du temps perdu (Marcel Proust)
49%
Il était une fois, dans un village de montagne, un petit garçon qui aimait les étoiles. Le Petit Prince (Antoine de Saint-Exupéry)
42%
La première fois qu'Aurélien vit Bérénice, il la trouva franchement laide. Aurélien (Louis Aragon)
38%
Il y avait en Vestphalie, dans le château de M. le baron de Thunder-ten-Tronckh, un jeune garçon à qui la nature avait donné les mœurs les plus douces. Candide (Voltaire)
37%
Les familles heureuses se ressemblent toutes ; les familles malheureuses sont malheureuses chacune à leur façon. Anna Karénine (Léon Tolstoï)
18%
C'était à Mégara, faubourg de Carthage, dans les jardins d'Hamilcar. Salammbô (Gustave Flaubert)
18%
La marquise sortit à cinq heures. La Princesse de Clèves (Madame de La Fayette)
11%
Tous les matins du monde sont sans retour. Tous les matins du monde (Pascal Quignard)
9%
Il y avait une fois un roi et une reine qui étaient si tristes de n'avoir point d'enfants. Peau d'Âne (Charles Perrault)
4%
Il y avait une fois une pauvre veuve qui vivait seule avec ses deux enfants. Les Contes de ma mère l'Oye (Charles Perrault)
0%
Je suis né deux fois, je me souviens parfaitement de ces deux dates. Middlesex (Jeffrey Eugenides)
0%
Aucun quiz correspondant
Distribution des résultats
% des personnes avec chaque résultat
Percentile par nombre de réponses
Votre historique - résultats
Vous n’avez pas pris ce quiz